Văn học hiện đại Thái Lan

שמור ב:
מידע ביבליוגרפי
פורמט: ספר
שפה:Thai
יצא לאור: 2008
נושאים:
תגים: הוספת תג
אין תגיות, היה/י הראשונ/ה לתייג את הרשומה!
Thư viện lưu trữ: Mạng thư viện Đại học Đà Nẵng
LEADER 01067cam a22003131a 4500
001 000041020
003 17316
005 20160415000000.0
008 160414s2008 000 tha
041 |a tha 
082 |a 895.9  |b VĂ-H 
245 |a Văn học hiện đại Thái Lan 
260 |c 2008 
300 |a 200tr. : mh ; 30 x 20cm 
650 |a Văn học hiện đại Thái Lan, คำพิพากษา, Thái Lan, Văn học Thái Lan. 
852 |b Chuyên đề  |c Giáo trình 
OWN |a LNN 
AVA |a UDN50  |b LNN  |d 895.9 VĂ-H  |e available  |t Error 5001 Not defined in file expand_doc_bib_avail.  |f 1  |g 0  |h N  |i 0  |k 1 
999 |a From the UDN01 
AVA |a UDN50  |b LNN  |d 895.9 VĂ-H  |e available  |t Error 5001 Not defined in file expand_doc_bib_avail.  |f 1  |g 0  |h N  |i 0  |k 1 
TYP |a Monograph 
TYP |a Printed language 
980 |a Mạng thư viện Đại học Đà Nẵng